| 000 | 00629nam a22001217a 4500 | ||
|---|---|---|---|
| 040 | _cRUA | ||
| 082 | _aDVM SAM 2025 B707 Or.1 | ||
| 100 | _aSAM ANGI, ស៊ឺម អេនជី | ||
| 245 | _aThe antibody titer of newcastle disease in chicken at tang krasang commune, teuk phos district, kampong chhnang province, កម្រិតអង់ទីករនៃជំងឺញ៉ូវកាសលើមាន់នៅឃុំតាំងក្រសាំង ស្រុកទឹកផុស ខេត្តកំពង់ឆ្នាំង | ||
| 260 |
_aPHNOM PENH _bRUA _c2025 |
||
| 300 |
_ax,41p. _bill. _c29cm. |
||
| 942 | _cNRM | ||
| 999 |
_c25701 _d25701 |
||